000 01947nkm a2200397 c 4500
003 BLK
005 20250609165719.0
008 180413b bul rap|r|||| r0| ||bulo|
010 _aKNG00202030000
020 _a978-619-90555-0-2
_bиздат.: Funky Books
040 _aBLK
041 _aBUL
_cBUL
072 7 _2bullib
_aН37
_xОбразование. Педагогика Н
080 _aРазвиване на мисълта. Подвижни упражнения - Упражняване на вниманието и способността за различаване, наблюдаване на природата, гимнастика, ритмични упражнения, ръчна работа и др.
_b372.36
_x
_z372.36
080 _aОбразование и възпитание на интелекта и на личността
_b37.03
_x
_z37.03
100 1 _aТюле, Ерве
_eпърви автор
_9131985
700 1 _aНиколова, Лиляна Петрова
_eпрев.
_9375067
139 _aТюле, Ерве
_bТ 98
245 1 0 _aНатисни точката
_cЕрве Тюле; прев. Лиляна Петрова Николова.
257 _aFRA
260 София
_bFunky Books
_c2015
300 _a55 с.
_bс цв. ил.
_c22Х22 см
380 _aDN
500 _aКор. опис. - Без сведение за ориг. загл. - Отпеч. на ламиниран картон.
650 4 _aПредучилищно възпитание
_9241578
650 4 _aИгри, развиващи
_9335853
653 _aпредучилищно възпитание
653 _aкниги-игри
659 _aН
852 _aЦб Гр А 2963
856 4 _qpdf
_u
856 4 _qpdf
_u
942 _cGRA
_n0
_059
944 _aCR
_c01.03.2017
_lГрета Цуфелде
_k30537
944 _aED
_c22.07.2017
_lф /
_kЛюдмила_Стоянова
999 _c212031
_d212031